Introduction to Image Stabilization

Detalles Bibliográficos
Autor principal: Teare, Scott W.
Formato: Electrónico Libro
Lenguaje:English
Publicado: SPIE Digital Library, 1/1/06
Materias:
Acceso en línea:Full text available on Research4Life (SPIE Digital Library)
Classic Catalogue: View this record in Classic Catalogue
LEADER 00853cam a2200193 a 4500
001 AALConferenceProceedingsResearch4Life(SPIE)011721
008 240908c9999 xx r poo 0 0eng d
020 |a 9780819464347 
020 |a 9780819478733 
040 |a BD-DhAAL  |c BD-DhAAL 
100 0 |a Teare, Scott W. 
245 0 0 |h [electronic resource]  |a Introduction to Image Stabilization 
260 1 |b SPIE Digital Library,  |c 1/1/06 
300 |a 1 online resource 
500 |a <strong>On-Campus Access Only (IP based access)</strong> 
506 |a Electronic access restricted to authorized BRAC University faculty, staff and students 
538 |a Mode of access: Internet 
655 7 |a Conference papers and proceedings.  |2 Library of Congress 
856 4 0 |z Full text available on Research4Life (SPIE Digital Library)  |u https://login.research4life.org/tacsgr1doi_org/10.1117/3.685011